000
00280nam a2200109 4500
999
_c
196904
_d
196904
008
230808b ||||| |||| 00| 0 eng d
022
_a
0972-0634
245
_a
Journal of Health Management
260
_a
New Delhi
_b
Sage
_c
2023
300
_a
vol.25
_c
29cm
942
_2
ddc
_c
SR
_m
HEA
_s
1